000 01640nam0a2200325 4500
001 RU\NLR\bibl\434566
005 20260406111614.0
010 _a5-230-04080-7
_9100
021 _aRU
_b2003-43919
_92093
035 _a(NLR Aleph) 000428385
090 _a739013
_c739013
100 _a20030909d2002 |||y0rusy50 ca
101 0 _arus
102 _aRU
105 _aa |||||||||
200 1 _aУправление затратами хозяйствующего субъекта
_eУчеб. пособие
_fА.И. Заруднев, Г.С. Мерзликина
_gМ-во образования Рос. Федерации, Волгогр. гос. техн. ун-т
210 _aВолгоград
_cПолитехник
_d2002
215 _a96, [1] с.
_cил.
_d20
320 _aБиблиогр.: с. 95 (18 назв.)
606 0 _aЗатраты на производство
_jРуководства, пособия и т.п. для высшей школы
_xУправление
_92102271
_3RU\NLR\auth\661271300
606 0 _aЗатраты на производство
_jУчебные издания для высших учебных заведений
_xУправление
_92102271
_3RU\NLR\auth\661271300
686 _aУ9(2)-862-21я73
686 _aУ052.9(2)2-148.6я73
700 1 _aЗаруднев
_bА. И.
_gАлексей Иванович
_4070
701 1 _4070
_7ca
_8rus
_aМерзликина
_bГ. С.
_cд-р экон. наук
_f1954-
_gГалина Степановна
_9105494
_3RU\NLR\auth\77122569
801 0 _aRU
_bNLR
_c20030909
_gPSBO
801 1 _aRU
_bNLR
_c20030909
942 _cBOOK
980 _aNB